000
00326nam a2200133Ia 4500
008
240624s9999 xx 000 0 und d
041
_a
eng
082
_a
823 SHE
100
_a
SHELDON SIDNEY
245
_a
WINDMILLS OF THE GODS
260
_c
2006
_a
New Delhi
_b
Harper Collins Publishers
300
_a
319 : p.
365
_c
RS
_b
20
999
_c
4166
_d
4166